The Oxford 3000 - Letter C - Translate from Polish to English - Statystyki

Ogólne statystyki
  • Ten quiz został rozwiązany 50 razy
    32 od ostatniego zresetowania
  • Średni wynik to 86 z 303
Statystyki odpowiedzi
Polish Angielski % Poprawnych
dzwonić; połączenie call
100%
obóz camp
100%
stolica capital
100%
kot cat
100%
celebryta celebrity
100%
ceremonia ceremony
100%
miasto city
100%
kolekcja; zbiór collection
100%
kampus campus
86%
organizacja charytatywna charity
86%
ser cheese
86%
komunikować się communicate
86%
aparat fotograficzny, kamera camera
71%
karta card
71%
marchewka carrot
71%
gotówka cash
71%
złapać; złapanie; uchwycić catch
71%
kategoria category
71%
przyczyna; powodować; spowodować cause
71%
krzesło; przewodniczyć chair
71%
dziecko child
71%
klasyczny (np. muzyka) classical
71%
zegar clock
71%
węgiel coal
71%
kombinacja; połączenie combination
71%
wygoda; komfort; pocieszać comfort
71%
wspólnota; społeczność community
71%
narzekać; skarżyć się complain
71%
część; składnik; komponent component
71%
spokojny calm
57%
anulować; odwołać cancel
57%
czapka z daszkiem; kapsel; nakrętka cap
57%
samochód car
57%
dywan carpet
57%
zamek castle
57%
płyta CD CD
57%
komórka (biologiczna); cela; ogniwo cell
57%
cent cent
57%
pewien; pewny certain
57%
postać; charakter character
57%
tani; niedrogi cheap
57%
chemia chemistry
57%
dzieciństwo childhood
57%
chip chip
57%
czekolada chocolate
57%
kino cinema
57%
klasa (pomieszczenie) classroom
57%
klikać; kliknięcie click
57%
klub club
57%
zimny; chłodny; zimno; chłód cold
57%
komentarz; komentować comment
57%
powszechny; wspólny common
57%
budowa; konstrukcja construction
57%
gotować; kucharz cook
57%
ciastko (USA) cookie
57%
przestępca; kryminalista; kryminalistyczny criminal
57%
kultura culture
57%
leczyć; lekarstwo cure
57%
zasłona; kurtyna curtain
57%
cykl; rower; jeździć na rowerze cycle
57%
kawiarnia cafe
43%
ciasto cake
43%
biwakowanie; kemping camping
43%
móc; puszka can
43%
kandydat candidate
43%
nie móc cannot
43%
kapitan captain
43%
ostrożny; staranny careful
43%
kreskówka cartoon
43%
przypadek; sprawa case
43%
sufit ceiling
43%
świętować; obchodzić celebrate
43%
centrum; środek centre
43%
wiek (100 lat) century
43%
zmieniać; zmiana change
43%
kanał (np. TV) channel
43%
rozdział chapter
43%
szef kuchni chef
43%
chemiczny; substancja chemiczna chemical
43%
kurczak chicken
43%
kościół church
43%
papieros cigarette
43%
koło; zakreślać circle
43%
obywatel citizen
43%
klasa class
43%
klasyczny; klasyka classic
43%
klient (usługi) client
43%
wspinać się; wspinaczka climb
43%
zamykać; zamknięcie; bliski; blisko close
43%
zamknięty closed
43%
trener; trenować coach
43%
wybrzeże coast
43%
kod code
43%
kawa coffee
43%
moneta coin
43%
zbierać; gromadzi; kolekcjonować collect
43%
uczelnia; kolegium college
43%
kolor color
43%
kolumna column
43%
komedia comedy
43%
komunikacja communication
43%
zawody; konkurs; konkurencja competition
43%
komputer computer
43%
koncentrować się concentrate
43%
konflikt; spór; być w konflikcie conflict
43%
pojemnik; kontener container
43%
kuzyn; kuzynka cousin
43%
pokrywać; przykrywać; okładka; przykrywka; pokrywa cover
43%
pokryty; przykryty covered
43%
kryzys crisis
43%
przekraczać; krzyżować się; skrzyżować; krzyż cross
43%
ciąć; kroić; przecinać; cięcie; krój cut
43%
kabel cable
29%
obliczać calculate
29%
rak(choroba) cancer
29%
pojemność capacity
29%
kariera career
29%
ostrożnie; starannie; uważnie carefully
29%
nosić; przewieźć carry
29%
obsada; rzucać cast
29%
uroczystość; świętowanie celebration
29%
centralny; główny central
29%
z pewnością; na pewno certainly
29%
mistrz champion
29%
szansa chance
29%
cecha; charakterystyczny characteristic
29%
wykres chart
29%
oszukiwać; oszust cheat
29%
sprawdzać; kontrola check
29%
radosny; wesoły cheerful
29%
klatka piersiowa; skrzynia chest
29%
główny; szef chief
29%
wybierać choose
29%
klauzula clause
29%
czysty; czyścić clean
29%
jasny; wyczyścić clear
29%
wyraźnie; przejrzyście; jasno clearly
29%
bystry; sprytny clever
29%
klimat climate
29%
ubranie clothes
29%
chmura cloud
29%
wskazówka; trop clue
29%
kolega z pracy colleague
29%
wygodny; komfortowy comfortable
29%
rozkaz; komenda; rozkazać; dowodzić command
29%
komercyjny; handlowy; reklama commercial
29%
komitet committee
29%
firma; spółka company
29%
komponować; tworzyć compose
29%
koncert concert
29%
świadomy conscious
29%
konkurs; kwestionować contest
29%
kontekst context
29%
kontynuować continue
29%
ciągły continuous
29%
kontrola; kontrolować control
29%
gotowanie cooking
29%
współpracować cooperate
29%
rada (np. miasta) council
29%
sąd; kort; boisko court
29%
kredyt; przypisać credit
29%
przestępstwo crime
29%
chrupiący crisp
29%
płakać; płacz cry
29%
waluta currency
29%
kampania; prowadzić kampanię campaign
14%
zdolny (do czegoś) capable
14%
schwytać; pojmać capture
14%
troska; opieka; troszczyć się; dbać; pielęgnować care
14%
nieostrożny; niedbały careless
14%
łańcuch; skuć; przykuć chain
14%
przewodniczący chairman
14%
wyzwanie; kwestionować challenge
14%
opłata; ładować; pobierać opłatę charge
14%
rozmawiać; pogawędka chat
14%
wybór; dobór choice
14%
okoliczność circumstance
14%
cytować cite
14%
cywilny; obywatelski civil
14%
twierdzić; roszczenie claim
14%
blisko; ściśle closely
14%
odzież clothing
14%
płaszcz coat
14%
zawalić się; zapadać się; zapaść collapse
14%
łączyć; połączyć combine
14%
przychodzić come
14%
komisja; zlecać commission
14%
powszechnie commonly
14%
porównywać; zestawiać compare
14%
porównanie comparison
14%
skarga; reklamacja complaint
14%
złożony; kompleksowy complex
14%
koncentracja concentration
14%
koncept concept
14%
konferencja conference
14%
pewność siebie; zaufanie confidence
14%
potwierdzać confirm
14%
zdezorientowany confused
14%
gratulacje congratulations
14%
połączony connected
14%
konsekwencja consequence
14%
konserwatywny conservative
14%
zawierać contain
14%
róg; narożnik corner
14%
hrabstwo; powiat county
14%
odwaga; męstwo courage
14%
krowa cow
14%
rzemiosło craft
14%
wypadek; rozbić się crash
14%
śmietana; krem cream
14%
tworzyć; kreować create
14%
kryterium criterion
14%
plon; zebrać; przyciąć crop
14%
kluczowy crucial
14%
kulturowy cultural
14%
szafka cupboard
14%
ciekawy curious
14%
zakrzywiony curved
14%
tkanina cloth
0%
kolorowy colored
0%
popełniać commit
0%
zobowiązanie commitment
0%
rywalizować; konkurować compete
0%
konkurencyjny competitive
0%
konkurent; rywal; zawodnik competitor
0%
kompletny; cały; zakończyć; uzupełnić complete
0%
całkowicie completely
0%
skomplikowany complicated
0%
kompozycja; wypracowanie composition
0%
obawa; dotyczyć; obejmować concern
0%
zaniepokojony; zatroskany concerned
0%
wnioskować conclude
0%
wniosek conclusion
0%
warunek; stan condition
0%
przewodzić; przeprowadzenie; prowadzić conduct
0%
pewny siebie confident
0%
mylić; dezorientować confuse
0%
mylący; niejasny confusing
0%
zamieszanie confusion
0%
łączyć; podłączyć; stykać connect
0%
połączenie; podłączenie connection
0%
rozważać; rozpatrywać; przemyśleć consider
0%
rozwaga; przemyślenie; rozważenie consideration
0%
składać się consist
0%
spójny; zgodny consistent
0%
stały; niezmienny constant
0%
stale; wciąż; nieprzerwanie constantly
0%
budować; konstruować construct
0%
zużyć; konsumować consume
0%
konsument consumer
0%
kontakt; kontaktować się contact
0%
współczesny; dzisiejszy contemporary
0%
treść; zawartość content
0%
kontynent continent
0%
kontrakt; kurczyć się contract
0%
kontrast; porównywać contrast
0%
przyczyniać się; wnosić wkład contribute
0%
wkład; datek contribution
0%
kontrolowany controlled
0%
wygodny; dogodny convenient
0%
konwencja convention
0%
rozmowa conversation
0%
przekształcać; konwertować convert
0%
przekonać convince
0%
kuchenka cooker
0%
chłodny; chłodzić; fajny cool
0%
współpraca cooperation
0%
radzić sobie; sprostać; podołać cope
0%
kopia; kopiować copy
0%
rdzeń; główny core
0%
korporacyjny; firmowy corporate
0%
poprawny; prawidłowy; poprawiać correct
0%
korekta correction
0%
poprawnie; prawidłowo correctly
0%
koszt; kosztować cost
0%
domek letniskowy; chatka; domek cottage
0%
bawełna cotton
0%
kaszleć; kaszel cough
0%
mógłby could
0%
liczyć count
0%
licznik; lada counter
0%
kraj country
0%
wieś countryside
0%
para couple
0%
kurs; przebieg course
0%
pęknięcie; pękać crack
0%
szalony; zwariowany crazy
0%
stworzenie czegoś; tworzenie creation
0%
kreatywny; twórczy creative
0%
stworzenie; stwór; twór; kreatura creature
0%
krytyk critic
0%
krytyczny critical
0%
krytyka criticism
0%
krytykować criticize
0%
tłum; tłok crowd
0%
zatłoczony crowded
0%
okrutny cruel
0%
filiżanka; puchar; kielich cup
0%
aktualny; bieżący; prąd current
0%
obecnie; aktualnie; bieżąco currently
0%
krzywa; łuk; zakrzywiać curve
0%
zwyczaj custom
0%
klient (produkt) customer
0%
Nie znaleziono quizów pasujących do podanych kryteriów
Rozkład punktacji
Procent ludzi z każdym wynikiem
Percentyl według liczby udzielonych odpowiedzi
Twoja historia wyników
Nie rozwiązałeś tego quizu od ostatniego zresetowania